Социальные процессы в современной китайской деревне

Λεπτομέρειες βιβλιογραφικής εγγραφής
Κύριος συγγραφέας: Бергер Я. М. Яков Михайлович
Συγγραφή απο Οργανισμό/Αρχή: Академия наук СССР (АН СССР) Институт научной информации по общественным наукам (ИНИОН)
Περίληψη:Рез.: англ.
Γλώσσα:Ρωσικά
Έκδοση: Москва, Наука, 1988
Θέματα:
Μορφή: MixedMaterials Βιβλίο
KOHA link:https://koha.lib.tpu.ru/cgi-bin/koha/opac-detail.pl?biblionumber=259859

MARC

LEADER 00000nam0a2200000 4500
001 259859
005 20231101233426.0
020 |a RU  |b 88-29799 
035 |a (RuTPU)RU\TPU\book\282805 
090 |a 259859 
100 |a 20140513d1988 k a0rusy5003 ca 
101 0 |a rus 
102 |a RU 
105 |a y z 001zy 
200 1 |a Социальные процессы в современной китайской деревне  |f Я. М. Бергер  |g Академия наук СССР (АН СССР), Институт научной информации по общественным наукам (ИНИОН) 
210 |a Москва  |c Наука  |d 1988 
215 |a 270 с. 
300 |a Рез.: англ. 
320 |a Библиогр.: с. 227-258 (778 назв.) 
320 |a Предм. указ.: с. 260-265. 
320 |a Указатель географических названий: с. 266-267. 
606 1 |a Китай  |x Сельское хозяйство  |2 stltpush  |3 (RuTPU)RU\TPU\subj\36267  |9 57707 
610 1 |a аграрная политика 
610 1 |a Китайская Народная Республика 
610 1 |a экономика 
610 1 |a крестьянские хозяйства 
610 1 |a модернизация 
610 1 |a кооперация 
686 |a У9(5Кит)  |2 rubbk 
700 1 |a Бергер  |b Я. М.  |g Яков Михайлович 
712 0 2 |a Академия наук СССР (АН СССР)  |b Институт научной информации по общественным наукам (ИНИОН)  |c (Москва)  |2 stltpush  |3 (RuTPU)RU\TPU\col\11360 
801 0 |a RU  |b RuMRKP  |c 19950417  |g psbo 
801 1 |a RU  |b 63413507  |c 20140513 
801 2 |a RU  |b 63413507  |c 20141205  |g RCR 
942 |c BK